| 000 | 00365nam a22001577a 4500 | ||
|---|---|---|---|
| 003 | OSt | ||
| 008 | 231114b |||||||| |||| 00| 0 eng d | ||
| 041 | _aeng | ||
| 082 |
_a828.09 _bMUL / TH |
||
| 100 |
_aMullik, BR _95636 |
||
| 245 | _aStudies in Novelists Vol.VIII | ||
| 250 | _a4th | ||
| 260 |
_aDelhi: _bS Chand & Co, _c10016. |
||
| 300 | _a78p. | ||
| 942 | _cBK | ||
| 999 |
_c17863 _d17863 |
||